| 000 -LEADER |
| fixed length control field |
01509cam a22002177a 4500 |
| 020 ## - INTERNATIONAL STANDARD BOOK NUMBER |
| ISBN |
9251052174 |
| 040 ## - CATALOGING SOURCE |
| Transcribing agency |
FQG |
| 082 00 - DEWEY DECIMAL CLASSIFICATION NUMBER |
| Classification number |
631 FOO 2004 A091 Or. |
| 245 10 - TITLE STATEMENT |
| Title |
Seed multiplication by resource-limited farmers : |
| Remainder of title |
proceedings of the Latin American Workshop, Goiâna, Brazil, 7-11 April 2003. |
| 260 ## - PUBLICATION, DISTRIBUTION, ETC. (IMPRINT) |
| Place of publication |
Rome : |
| Name of publisher |
Food and Agriculture Organization of the United Nations, |
| Year of publication |
2004. |
| 300 ## - PHYSICAL DESCRIPTION |
| Number of Pages |
xii, 86 p. : |
| Other physical details |
col. ill., col. map ; |
| Dimensions |
30 cm. |
| 490 1# - SERIES STATEMENT |
| Series statement |
FAO plant production and protection paper, |
| 500 ## - GENERAL NOTE |
| General note |
"TC/M/Y5706E/1/11.04/1350"--P. [4] of cover. |
| 520 ## - SUMMARY, ETC. |
| Summary, etc |
FAO, through its Seed and Plant Genetics Resources Service, is conducting a series of workshops to generate ideas, develop methodologies and facilitate initiatives aimed at strengthening on-farm seed multiplication (the informal seed system), thereby addressing the seed security needs of smallholder farmers. The informal seed system in Latin America receives inadequate attention from policy-makers. FAO organized the Latin American Workshop on Seed Multiplication by Resource-limited Farmers to identify the major constraints facing on-farm seed production and the groups of resource-limited farmers to be targeted, and to propose solutions for increasing the availability of good quality seed to small-holder farmers. |
| 650 #0 - SUBJECT ADDED ENTRY--TOPICAL TERM |
| Topical Term |
Seed technology |
| 650 #0 - SUBJECT ADDED ENTRY--TOPICAL TERM |
| Topical Term |
Farms, Small |
| 650 #0 - SUBJECT ADDED ENTRY--TOPICAL TERM |
| Topical Term |
Seed supply |
| 650 #0 - SUBJECT ADDED ENTRY--TOPICAL TERM |
| Topical Term |
International relief |
| 710 2# - ADDED ENTRY--CORPORATE NAME |
| Corporate name or jurisdiction name as entry element |
Food and Agriculture Organization of the United Nations. |
| 942 ## - ADDED ENTRY ELEMENTS (KOHA) |
| Koha item type |
សៀវភៅភាសាអង់គ្លេស |
| 952 ## - LOCATION AND ITEM INFORMATION (KOHA) |
| Withdrawn status [LOCAL, KOHA] |
0 |